World And Phase Origins / (Record no. 74426)
[ view plain ]
| 000 -LEADER | |
|---|---|
| fixed length control field | 00680nam a22002177a 4500 |
| 005 - DATE AND TIME OF LATEST TRANSACTION | |
| control field | 20130521113656.0 |
| 010 ## - LCCN (DPL NO) | |
| LC control number | B-504893-900 |
| 020 ## - INTERNATIONAL STANDARD BOOK NUMBER | |
| International Standard Book Number | 9788130912943 |
| Terms of availability | 1995.00 |
| 035 ## - SYSTEM CONTROL NUMBER | |
| System control number | B-504893-900 |
| 037 ## - SOURCE OF ACQUISITION | |
| Source of stock number/acquisition | UBH/Ven |
| 082 ## - DEWEY DECIMAL CLASSIFICATION NUMBER | |
| Classification number | 482.03 |
| 100 ## - MAIN ENTRY--PERSONAL NAME | |
| Personal name | Hendrickson, Robert |
| 245 ## - TITLE STATEMENT | |
| Title | World And Phase Origins / |
| Statement of responsibility, etc | by Robert Hendrickson |
| 250 ## - EDITION STATEMENT | |
| Edition statement | 4th |
| 260 ## - PUBLICATION, DISTRIBUTION, ETC. (IMPRINT) | |
| Place of publication, distribution, etc | New York |
| Name of publisher, distributor, etc | Facts on File,Inc |
| Date of publication, distribution, etc | c2012 |
| 270 ## - ADDRESS | |
| Address | 132,West 31st Street |
| City | New York |
| Postal code | 10001 |
| 300 ## - PHYSICAL DESCRIPTION | |
| Extent | 948p. |
| Dimensions | 28cm(Hb). |
| 500 ## - GENERAL NOTE | |
| General note | It include index |
| 942 ## - ADDED ENTRY ELEMENTS (KOHA) | |
| Source of classification or shelving scheme | Dewey Decimal Classification |
| Item type | English Books |
| Call number suffix | HEN |
| Classification part | 482.03 |
| Withdrawn status | Lost status | Not for loan | Collection code | Home library | Current library | Date acquired | Source of acquisition | Cost, normal purchase price | Full call number | Barcode | Copy number | Cost, replacement price | Koha item type |
|---|---|---|---|---|---|---|---|---|---|---|---|---|---|
| Not For Loan | Reference | Central Library | Central Library | 21/05/2013 | UBH/291/19.03.2013/180/08.03.2013/20.03.2013 | 1995.00 | 482.03 HEN | B-504893 | 1 | 1995.00 | English Books | ||
| Not For Loan | Reference | Janak Puri | Janak Puri | 21/05/2013 | UBH/291/19.03.2013/180/08.03.2013/20.03.2013 | 1995.00 | 482.03 HEN | B-504896 | 1 | 1995.00 | English Books | ||
| Not For Loan | Reference | Kasturba Gandhi Marg | Kasturba Gandhi Marg | 21/05/2013 | UBH/291/19.03.2013/180/08.03.2013/20.03.2013 | 1995.00 | 482.03 HEN | B-504895 | 1 | 1995.00 | English Books | ||
| Not For Loan | Reference | Narela | Narela | 21/05/2013 | UBH/291/19.03.2013/180/08.03.2013/20.03.2013 | 1995.00 | 482.03 HEN | B-504898 | 1 | 1995.00 | English Books | ||
| Not For Loan | Reference | Narela | Narela | 21/05/2013 | UBH/291/19.03.2013/180/08.03.2013/20.03.2013 | 1995.00 | 482.03 HEN | B-504899 | 1 | 1995.00 | English Books | ||
| Not For Loan | Reference | Patel Nagar | Patel Nagar | 21/05/2013 | UBH/291/19.03.2013/180/08.03.2013/20.03.2013 | 1995.00 | 482.03 HEN | B-504894 | 1 | 1995.00 | English Books | ||
| Not For Loan | Reference | Sarojini Nagar | Sarojini Nagar | 21/05/2013 | UBH/291/19.03.2013/180/08.03.2013/20.03.2013 | 1995.00 | 482.03 HEN | B-504897 | 1 | 1995.00 | English Books | ||
| Not For Loan | Reference | Shahdara Branch | Shahdara Branch | 21/05/2013 | UBH/291/19.03.2013/180/08.03.2013/20.03.2013 | 1995.00 | 482.03 HEN | B-504900 | 1 | 1995.00 | English Books |
